[Event "BLR-ch sf"]
[Site "Minsk"]
[Date "2023.12.09"]
[Round "3"]
[White "Astrovski, Roman"]
[Black "Fedaruk, Tsimafei"]
[Result "0-1"]
[WhiteElo "1369"]
[BlackElo "1650"]
[PlyCount "62"]
[EventDate "2023.12.07"]
[EventType "swiss"]
[EventRounds "9"]
[EventCountry "BLR"]
[SourceTitle "CB51_2023"]
[SourceDate "2023.12.20"]
[SourceVersion "1"]
[SourceVersionDate "2023.12.20"]
[SourceQuality "1"]

1. Nf3 d5 2. d4 Nf6 3. Bf4 c5 4. c3 Nc6 5. e3 Qb6 6. Qc1 Bf5 7. Nbd2 e6 8. Nh4 Bg6 9. Nxg6 hxg6 10. Bd3 Be7 11. h3 0-0 12. Rb1 Rfc8 13. Qd1 Qd8 14. 0-0 c4 15. Bc2 b5 16. a3 a5 17. e4 b4 18. axb4 axb4 19. Qe2 bxc3 20. bxc3 Ra2 21. Qd1 Rca8 22. Rb5 Qc8 23. Qb1 R2a3 24. Qb2 Nxd4 25. cxd4 c3 26. Qc1 cxd2 27. Qxd2 Ra2 28. Rfb1 Qxc2 29. Qxc2 Rxc2 30. Rb8+ Rc8 31. Rxa8 Rxa8 0-1